000 00313nam a2200133Ia 4500
005 20251222143239.0
008 251222s9999||||xx |||||||||||||| ||spa||
020 _a84-493-0588-8
082 _a153.9/G25I
100 _aGardner, Howard
245 0 _aInteligencias Múltiples:
264 _bPaídos
942 _cLIB
999 _c14499
_d14499